Biomedical Opt (Record no. 186673)

MARC details
000 -LEADER
fixed length control field 00486nam a2200205Ia 4500
008 - FIXED-LENGTH DATA ELEMENTS--GENERAL INFORMATION
fixed length control field 240823s9999||||xx |||||||||||||| ||und||
020 ## - INTERNATIONAL STANDARD BOOK NUMBER
International Standard Book Number 978-0-471-74304-0
082 ## - DEWEY DECIMAL CLASSIFICATION NUMBER
-- 616.0754 P7
100 ## - MAIN ENTRY--PERSONAL NAME
Personal name Lihong V Wang
245 #0 - TITLE STATEMENT
Title Biomedical Opt
250 ## - EDITION STATEMENT
Edition statement 1st
260 ## - PUBLICATION, DISTRIBUTION, ETC. (IMPRINT)
Date of publication, distribution, etc 2007
Name of publisher, distributor, etc Wiley India Pv
Place of publication, distribution, etc New Delhi
500 ## - GENERAL NOTE
General note YES
650 ## - SUBJECT ADDED ENTRY--TOPICAL TERM
Topical term or geographic name as entry element Biomedical
700 ## - ADDED ENTRY--PERSONAL NAME
Personal name Hsin I Wu
942 ## - ADDED ENTRY ELEMENTS (KOHA)
Item type Books
Holdings
Withdrawn status Lost status Damaged status Permanent location Current location Date acquired Source of acquisition Cost, normal purchase price Full call number Barcode Date last seen Koha item type
      CENTRAL LIBRARY, NOORUL ISLAM CENTRE FOR HIGHER EDUCATION CENTRAL LIBRARY, NOORUL ISLAM CENTRE FOR HIGHER EDUCATION 12/02/2010 World Book House Chennai 568.00 616.0754 P7 39270a 08/23/2024 Books
Visitors:
Copyright © 2024 Central Library NICHE.  All rights reserved.